[Event "CAN-ch U1600"]
[Site "Kingston CAN"]
[Date "2019.04.20"]
[Round "5.49"]
[White "De Leon, Raf Adrik"]
[Black "He, Zekai"]
[Result "0-1"]
[WhiteElo "1247"]
[BlackElo "1293"]
[PlyCount "80"]
[EventDate "2019.04.18"]
[EventType "swiss"]
[EventRounds "9"]
[EventCountry "CAN"]

1. Nf3 c5 2. e4 Nc6 3. Nc3 Nf6 4. d4 cxd4 5. Nxd4 e5 6. Nxc6 bxc6 7. Bd3 Bc5 8.
Bg5 O-O 9. Qf3 Be7 10. O-O Rb8 11. Rab1 h6 12. Bh4 d6 13. h3 Bb7 14. Rfd1 d5
15. Bg3 Bd6 16. Qf5 d4 17. Ne2 Re8 18. Bh4 c5 19. Bxf6 Qxf6 20. Qxf6 gxf6 21.
Ng3 Bf8 22. f3 Bg7 23. Nf5 Bc8 24. Nd6 Rd8 25. Nxc8 Rdxc8 26. c3 a5 27. Bc4 Rc7
28. f4 Rcb7 29. cxd4 exd4 30. b3 Re7 31. Bd5 Ra7 32. Rbc1 Bf8 33. Rc4 Rb4 34.
Rc2 a4 35. Rd3 axb3 36. Bxb3 Rc7 37. Bd5 c4 38. Rxd4 Bc5 39. Kf1 Bxd4 40. Ke1
Rb2 0-1

[Event "CAN-ch U1600"]
[Site "Kingston CAN"]
[Date "2019.04.20"]
[Round "5.50"]
[White "Bilodeau-Savaria, Sandy-Rose"]
[Black "Chocina, Adam"]
[Result "1-0"]
[WhiteElo "1150"]
[BlackElo "1179"]
[PlyCount "87"]
[EventDate "2019.04.18"]
[EventType "swiss"]
[EventRounds "9"]
[EventCountry "CAN"]

1. d4 d5 2. c4 c6 3. Nf3 Nf6 4. Nc3 e6 5. Bg5 Nbd7 6. e3 Bd6 7. Bd3 dxc4 8.
Bxc4 O-O 9. O-O b5 10. Bd3 Bb7 11. a3 Rc8 12. Rc1 a6 13. Re1 c5 14. Be4 Bxe4
15. Nxe4 Be7 16. Bxf6 Nxf6 17. Nxc5 Bxc5 18. dxc5 Ne4 19. b4 Qe7 20. Qd4 Nf6
21. Red1 Rfd8 22. Qe5 Nd5 23. h3 f6 24. Qa1 Qb7 25. Rd2 Ne7 26. Rcd1 Rxd2 27.
Rxd2 Nc6 28. Qd1 a5 29. Rd7 Qa6 30. Qb3 Re8 31. Nd4 Nxd4 32. exd4 axb4 33. axb4
Qc8 34. Rd6 Kf7 35. Qd3 Rd8 36. Rb6 Qa8 37. Rxb5 Qa1+ 38. Kh2 Rxd4 39. Qxh7 Rd7
40. Qh5+ Ke7 41. Rb8 Rd8 42. Rb7+ Rd7 43. c6 Rxb7 44. Qc5+ 1-0

[Event "CAN-ch U1600"]
[Site "Kingston CAN"]
[Date "2019.04.21"]
[Round "6.40"]
[White "Hua, Gary"]
[Black "Guillemette, Hugo"]
[Result "1-0"]
[WhiteElo "1582"]
[BlackElo "1210"]
[PlyCount "77"]
[EventDate "2019.04.18"]
[EventType "swiss"]
[EventRounds "9"]
[EventCountry "CAN"]

1. c4 e6 2. g3 d5 3. Bg2 c5 4. b3 Nc6 5. Bb2 Nf6 6. e3 Be7 7. Ne2 O-O 8. O-O b6
9. d4 cxd4 10. Nxd4 Bb7 11. cxd5 exd5 12. Nc3 Rc8 13. Nf5 Qd7 14. Nxe7+ Nxe7
15. Ne2 Ne8 16. Nf4 Nc7 17. Qd4 f6 18. Bh3 Nf5 19. Qd3 g6 20. Rfd1 Ba6 21. Qd2
Rce8 22. Nxd5 Nxd5 23. Qxd5+ Qxd5 24. Rxd5 Bc8 25. Bg2 Be6 26. Rd2 Rc8 27. Rad1
Rf7 28. Rd8+ Kg7 29. Rxc8 Bxc8 30. g4 Nh6 31. g5 Ng8 32. Rd8 Ba6 33. Bd5 Rf8
34. Rd7+ Kh8 35. Rxa7 Be2 36. Bxg8 Kxg8 37. gxf6 Bf3 38. Rg7+ Kh8 39. f7 1-0

[Event "CAN-ch U1600"]
[Site "Kingston CAN"]
[Date "2019.04.21"]
[Round "6.41"]
[White "Wang, Rachel"]
[Black "Azroy, Arman"]
[Result "0-1"]
[WhiteElo "1528"]
[BlackElo "1560"]
[PlyCount "120"]
[EventDate "2019.04.18"]
[EventType "swiss"]
[EventRounds "9"]
[EventCountry "CAN"]

1. d4 d5 2. c4 c6 3. Nf3 Nf6 4. Nc3 Bf5 5. Qb3 Qb6 6. c5 Qxb3 7. axb3 Nbd7 8.
e3 e6 9. b4 Be7 10. b5 O-O 11. bxc6 bxc6 12. Ba6 Rfb8 13. Nd2 e5 14. O-O Ne8
15. b3 exd4 16. exd4 Bf6 17. Ra4 Nxc5 18. dxc5 Bxc3 19. Re1 Bf6 20. Bf1 Nc7 21.
Re3 a5 22. Nf3 Ne6 23. Bd2 Nxc5 24. Rxa5 Rxa5 25. Bxa5 d4 26. Re1 Nxb3 27. Bc7
Rc8 28. Ba6 Rf8 29. Bd6 Ra8 30. Bc4 Bc2 31. Be5 d3 32. Bxb3 Bxb3 33. Bxf6 gxf6
34. Nd2 Bc2 35. f4 Ra4 36. Re4 Ra1+ 37. Kf2 Rd1 38. Ke3 f5 39. Rc4 Re1+ 40. Kf3
Re2 41. Nf1 d2 42. Rxc2 d1=Q 43. Rxe2 Qxf1+ 44. Ke3 Qg1+ 45. Kf3 c5 46. g3 c4
47. Rg2 Qf1+ 48. Rf2 Qd3+ 49. Kg2 c3 50. Rf1 c2 51. Kg1 Qe3+ 52. Kg2 c1=Q 53.
Rxc1 Qxc1 54. Kf2 Kg7 55. Kg2 Kh6 56. Kf2 Kh5 57. Kg2 Qe3 58. Kh3 Qd3 59. Kg2
Qe2+ 60. Kh3 Qf1# 0-1

[Event "CAN-ch U1600"]
[Site "Kingston CAN"]
[Date "2019.04.21"]
[Round "6.42"]
[White "Wang, Derek"]
[Black "Li, Allen"]
[Result "1/2-1/2"]
[WhiteElo "1459"]
[BlackElo "1262"]
[PlyCount "59"]
[EventDate "2019.04.18"]
[EventType "swiss"]
[EventRounds "9"]
[EventCountry "CAN"]

1. e4 c5 2. Nf3 d6 3. d4 cxd4 4. Nxd4 Nf6 5. Nc3 a6 6. Be3 e5 7. Nb3 Be6 8. f3
Be7 9. Qd2 Nbd7 10. O-O-O b5 11. g4 b4 12. Na4 a5 13. g5 Nh5 14. h4 Ng3 15. Rg1
Nxf1 16. Rgxf1 Qc7 17. Kb1 Qc6 18. f4 exf4 19. Bxf4 Qxa4 20. Bxd6 Bxd6 21. Qxd6
Qb5 22. Nd4 Qe5 23. Nxe6 Qxe6 24. Qd4 Rg8 25. Rf5 Ke7 26. Rd5 Rgd8 27. Qxg7
Qxe4 28. Rxd7+ Rxd7 29. Qf6+ Ke8 30. Qh8+ 1/2-1/2

[Event "CAN-ch U1600"]
[Site "Kingston CAN"]
[Date "2019.04.21"]
[Round "6.43"]
[White "Lee, Ji Won"]
[Black "Bilodeau-Savaria, Carl-William"]
[Result "1-0"]
[WhiteElo "1365"]
[BlackElo "1313"]
[PlyCount "65"]
[EventDate "2019.04.18"]
[EventType "swiss"]
[EventRounds "9"]
[EventCountry "CAN"]

1. d4 e6 2. Bf4 c5 3. c3 cxd4 4. cxd4 Nf6 5. e3 Bb4+ 6. Nd2 Ne4 7. Ngf3 g5 8.
Bg3 g4 9. a3 Nxg3 10. hxg3 Bxd2+ 11. Nxd2 h5 12. Be2 f5 13. Nc4 d6 14. Qa4+ Nc6
15. b4 a6 16. b5 Bd7 17. bxc6 Bxc6 18. Qb4 a5 19. Nxd6+ Kd7 20. Qc5 b6 21. Qe5
Qc7 22. Nf7 Bxg2 23. Bb5+ Kc8 24. Qxc7+ Kxc7 25. Rc1+ Kb7 26. Nd6+ Ka7 27. Rh2
Bd5 28. Kd2 Rh7 29. Be8 Rd8 30. Nb5+ Kb7 31. Rxh5 Re7 32. Rh8 Rdxe8 33. Rxe8
1-0

[Event "CAN-ch U1600"]
[Site "Kingston CAN"]
[Date "2019.04.21"]
[Round "6.44"]
[White "Chau, Matthew"]
[Black "Chau, Jonathan"]
[Result "0-1"]
[WhiteElo "875"]
[BlackElo "934"]
[PlyCount "120"]
[EventDate "2019.04.18"]
[EventType "swiss"]
[EventRounds "9"]
[EventCountry "CAN"]

1. d4 Nf6 2. c4 d5 3. Nf3 c6 4. Nc3 dxc4 5. a4 Bf5 6. e3 e6 7. Bxc4 Bb4 8. O-O
O-O 9. Qe2 Ne4 10. Nxe4 Bxe4 11. Nd2 Bd5 12. Bxd5 cxd5 13. Qb5 Qb6 14. Qxb6
axb6 15. Nb3 Nc6 16. Rd1 Na5 17. Nxa5 bxa5 18. Bd2 Bxd2 19. Rxd2 Rfc8 20. g4 g5
21. f3 Rab8 22. e4 dxe4 23. fxe4 Rc4 24. Kf2 Rd8 25. Rad1 Rxa4 26. Ke3 Rb4 27.
d5 e5 28. d6 Rc4 29. Rd5 f6 30. Rxa5 Kf8 31. Rb5 Rc6 32. Rxb7 Rcxd6 33. Rxd6
Rxd6 34. Rc7 Rb6 35. Rc2 Rb3+ 36. Kd2 Rh3 37. Kd1 Rh4 38. b4 Rxg4 39. Re2 Rg1+
40. Re1 Rxe1+ 41. Kxe1 Ke7 42. Kf2 Kd6 43. Kg3 h5 44. h4 Kc6 45. hxg5 fxg5 46.
Kf3 Kb5 47. Kg3 Kxb4 48. Kf3 Kc4 49. Kg3 Kd4 50. Kf3 Kd3 51. Kf2 Kxe4 52. Kg3
Ke3 53. Kh3 g4+ 54. Kg3 e4 55. Kg2 Ke2 56. Kh2 h4 57. Kg2 e3 58. Kh2 g3+ 59.
Kg2 Ke1 60. Kg1 h3 0-1

[Event "CAN-ch U1600"]
[Site "Kingston CAN"]
[Date "2019.04.21"]
[Round "6.45"]
[White "Douglas, Steven"]
[Black "He, Jiaqi"]
[Result "0-1"]
[WhiteElo "1492"]
[BlackElo "1451"]
[PlyCount "140"]
[EventDate "2019.04.18"]
[EventType "swiss"]
[EventRounds "9"]
[EventCountry "CAN"]

1. e4 e5 2. Bc4 Nc6 3. Nf3 d6 4. O-O Bg4 5. Be2 Nf6 6. Nc3 g6 7. Bb5 Bg7 8.
Bxc6+ bxc6 9. h3 Be6 10. d3 O-O 11. Qe1 Re8 12. b3 h6 13. Rb1 Nh5 14. Ne2 d5
15. Bd2 Qd7 16. Kh2 Qd6 17. Qc1 Kh7 18. Rh1 Nf6 19. Kg1 dxe4 20. dxe4 Nxe4 21.
Be3 Bf5 22. Nh2 Qb4 23. Ng4 Nc3 24. Nxc3 Qxc3 25. Bxh6 Qxc2 26. Bxg7 Qxb1 27.
Bh6 Qxc1+ 28. Bxc1 Re6 29. Bg5 Rb8 30. Kh2 Bxg4 31. hxg4 Kg7 32. Kg3 Rh8 33.
Rd1 Rd6 34. Re1 f6 35. Be3 a6 36. Rc1 Kf7 37. Rc4 Ke6 38. Ra4 Ra8 39. Rc4 f5
40. gxf5+ gxf5 41. Kf3 Kd7 42. Ke2 Rd5 43. b4 Rb8 44. a3 a5 45. Bc5 axb4 46.
Bxb4 Ra8 47. g3 Ra4 48. Rc3 Rd4 49. f3 Raxb4 50. axb4 Rxb4 51. Ke3 Kd6 52. Ra3
c5 53. Ra6+ c6 54. Ra8 f4+ 55. gxf4 exf4+ 56. Ke2 c4 57. Rd8+ Ke5 58. Re8+ Kd4
59. Re4+ Kc3 60. Rxf4 Rb2+ 61. Ke3 Kb3 62. Rf8 Kc2 63. Rc8 Rb6 64. Kd4 c3 65.
Kc5 Rb7 66. Rf8 Kb2 67. Kxc6 Rb3 68. f4 c2 69. Kd6 c1=Q 70. Ke5 Qc5+ 0-1

[Event "CAN-ch U1600"]
[Site "Kingston CAN"]
[Date "2019.04.21"]
[Round "6.46"]
[White "He, Zekai"]
[Black "Sztuka, Jeremy"]
[Result "1-0"]
[WhiteElo "1293"]
[BlackElo "1454"]
[PlyCount "71"]
[EventDate "2019.04.18"]
[EventType "swiss"]
[EventRounds "9"]
[EventCountry "CAN"]

1. e4 b6 2. Nf3 Bb7 3. Nc3 e6 4. d4 c5 5. Bd3 cxd4 6. Nxd4 Nc6 7. Be3 Bb4 8.
O-O Bxc3 9. bxc3 Nge7 10. f4 O-O 11. Qg4 d5 12. e5 Nxd4 13. cxd4 Qc8 14. Rf3 f5
15. exf6 Rxf6 16. Rh3 Ng6 17. Qh5 Nf8 18. Bxh7+ Nxh7 19. Qxh7+ Kf7 20. Qh5+ Ke7
21. Rg3 Qf8 22. Bd2 a5 23. Qe5 Rc8 24. c3 g6 25. Re1 Ba6 26. f5 Kf7 27. Rxg6
Rxg6 28. fxg6+ Kxg6 29. Qxe6+ Kh7 30. Qh3+ Kg8 31. Qe6+ Kh7 32. Qe7+ Kg8 33.
Qg5+ Kh8 34. Qxd5 Rc7 35. Qe5+ Rg7 36. Bh6 1-0

[Event "CAN-ch U1600"]
[Site "Kingston CAN"]
[Date "2019.04.21"]
[Round "6.47"]
[White "Hay, Jonathan"]
[Black "De Leon, Rut Jurry"]
[Result "1-0"]
[WhiteElo "1075"]
[BlackElo "1063"]
[PlyCount "65"]
[EventDate "2019.04.18"]
[EventType "swiss"]
[EventRounds "9"]
[EventCountry "CAN"]

1. e4 g6 2. Nf3 Bg7 3. c3 d6 4. d4 Nd7 5. Be3 e5 6. d5 Ngf6 7. Nbd2 O-O 8. Bd3
b6 9. c4 Ba6 10. b4 Ng4 11. Nf1 Nxe3 12. Nxe3 Bb7 13. O-O c6 14. Rc1 Re8 15.
Bc2 Nf6 16. Qd3 b5 17. a4 bxc4 18. Qxc4 cxd5 19. Nxd5 Nxd5 20. exd5 Qc8 21. Qb3
Qd8 22. Rfe1 Rc8 23. Red1 Qc7 24. h4 Qc3 25. Qb1 Qc7 26. Bxg6 Qd7 27. Bxh7+ Kh8
28. Rxc8 Bxc8 29. Bc2 Qg4 30. Re1 Bb7 31. Re4 Qd7 32. Qd1 Qc7 33. Qd3 1-0

[Event "CAN-ch U1600"]
[Site "Kingston CAN"]
[Date "2019.04.21"]
[Round "6.48"]
[White "Bilodeau-Savaria, Sandy-Rose"]
[Black "Paulsen, Lorenz"]
[Result "1-0"]
[WhiteElo "1150"]
[BlackElo "1434"]
[PlyCount "77"]
[EventDate "2019.04.18"]
[EventType "swiss"]
[EventRounds "9"]
[EventCountry "CAN"]

1. d4 d5 2. c4 c6 3. Nf3 Nf6 4. Nc3 Nbd7 5. Bg5 e6 6. e3 Be7 7. Bd3 dxc4 8.
Bxc4 b5 9. Bd3 O-O 10. O-O a5 11. a3 Bb7 12. Rc1 h6 13. Bh4 Nd5 14. Bxe7 Qxe7
15. e4 Nf4 16. Bb1 Rfd8 17. Qd2 Ng6 18. Qe3 e5 19. dxe5 Ndxe5 20. Nxe5 Nxe5 21.
h3 Rd7 22. Rfd1 Rad8 23. Rxd7 Rxd7 24. Ba2 Nd3 25. Rc2 b4 26. axb4 Nxb4 27. Re2
Ba6 28. Rd2 Rxd2 29. Qxd2 Nxa2 30. Nxa2 Qxe4 31. Qxa5 Bb5 32. Nc1 Qc2 33. Qc3
Qd1+ 34. Kh2 Qd6+ 35. g3 c5 36. Nb3 c4 37. Nd4 Ba6 38. Nf5 Qg6 39. Ne7+ 1-0

[Event "CAN-ch U1600"]
[Site "Kingston CAN"]
[Date "2019.04.21"]
[Round "6.49"]
[White "Liao, Austin"]
[Black "Mai, Deren"]
[Result "0-1"]
[WhiteElo "902"]
[BlackElo "1242"]
[PlyCount "86"]
[EventDate "2019.04.18"]
[EventType "swiss"]
[EventRounds "9"]
[EventCountry "CAN"]

1. e4 e5 2. Nf3 Nc6 3. Bc4 Bc5 4. Nc3 d6 5. h3 Nf6 6. d3 h6 7. O-O Be6 8. Bxe6
fxe6 9. Re1 g5 10. Nh2 Qe7 11. Be3 Nd4 12. Rc1 a6 13. Ng4 O-O-O 14. a3 h5 15.
Nxf6 Qxf6 16. Qd2 Rdg8 17. b4 Ba7 18. a4 g4 19. Kf1 gxh3 20. gxh3 Qf3 21. Bxd4
Qxh3+ 22. Ke2 Qg4+ 23. f3 Qg2+ 24. Kd1 Bxd4 25. Qxg2 Rxg2 26. Ne2 Be3 27. Ra1
h4 28. b5 a5 29. Rh1 h3 30. Ng3 Rxg3 31. Ke2 Bd4 32. Raf1 Rg2+ 33. Kd1 h2 34.
Kc1 Rg1 35. Rd1 Be3+ 36. Kb1 Rxd1+ 37. Rxd1 Rg8 38. Rh1 Rg1+ 39. Rxg1 hxg1=Q+
40. Kb2 Qc1+ 41. Kc3 Bd4+ 42. Kb3 Qb2+ 43. Kc4 Qb4# 0-1

[Event "CAN-ch U1600"]
[Site "Kingston CAN"]
[Date "2019.04.21"]
[Round "6.50"]
[White "De Leon, Raf Adrik"]
[Black "Gougeon, Patrick"]
[Result "1-0"]
[WhiteElo "1247"]
[BlackElo "1204"]
[PlyCount "139"]
[EventDate "2019.04.18"]
[EventType "swiss"]
[EventRounds "9"]
[EventCountry "CAN"]

1. Nf3 f5 2. c4 Nf6 3. d4 g6 4. Nc3 Bg7 5. Bd2 O-O 6. Qc2 d6 7. O-O-O a5 8. h4
h6 9. c5 Qe8 10. e4 a4 11. a3 dxc5 12. dxc5 Ng4 13. Be3 Nxe3 14. fxe3 e6 15. e5
h5 16. Bb5 c6 17. Bxa4 Rf7 18. Bb3 Na6 19. Ne2 Bf8 20. Nf4 Rg7 21. Ng5 Bxc5 22.
Bxe6+ Bxe6 23. Nfxe6 Bxe3+ 24. Kb1 Re7 25. Qb3 Bxg5 26. Nc7+ Qf7 27. Qxf7+ Kxf7
28. Nxa8 Be3 29. Rhe1 Bf2 30. Re2 Bxh4 31. Nb6 Nc5 32. b4 Ne4 33. Kc2 Rxe5 34.
Rd7+ Re7 35. Rxe7+ Bxe7 36. Nc4 c5 37. b5 Bf6 38. Nd2 Nc3 39. Re3 Nxb5 40. Nc4
Nd4+ 41. Kd3 Be7 42. a4 Kf6 43. Nb6 Nc6 44. Nd5+ Kf7 45. Nxe7 Nxe7 46. Kc4 b6
47. Kb5 Kf6 48. Rd3 Kg5 49. Kxb6 c4 50. Rd2 c3 51. Rc2 Nd5+ 52. Kc5 Nf6 53. a5
Ne4+ 54. Kd5 Nf6+ 55. Kc6 Ne4 56. a6 h4 57. a7 h3 58. gxh3 Kh4 59. a8=Q Kxh3
60. Qa1 Kg4 61. Qd1+ Kg5 62. Qd8+ Kf4 63. Qh4+ Ke5 64. Qh6 g5 65. Re2 Kf4 66.
Qh2+ Ng3 67. Qf2+ Kg4 68. Re3 Ne4 69. Qf3+ Kh4 70. Qh3# 1-0

[Event "CAN-ch U1600"]
[Site "Kingston CAN"]
[Date "2019.04.21"]
[Round "7.40"]
[White "Chau, Jonathan"]
[Black "Hua, Gary"]
[Result "0-1"]
[WhiteElo "934"]
[BlackElo "1582"]
[PlyCount "118"]
[EventDate "2019.04.18"]
[EventType "swiss"]
[EventRounds "9"]
[EventCountry "CAN"]

1. d4 Nf6 2. c4 e6 3. Nc3 d5 4. e3 c5 5. Nf3 Be7 6. Bd3 O-O 7. e4 cxd4 8. Nxd4
dxe4 9. Bxe4 Nxe4 10. Nxe4 Bb4+ 11. Nc3 e5 12. Ndb5 Qxd1+ 13. Kxd1 Na6 14. f3
Bf5 15. Ke2 Nc5 16. Nd5 Bd3+ 17. Ke3 Bxc4 18. Nbc7 Bxd5 19. Nxa8 Rxa8 20. a3
Nb3 21. Rb1 Bc5+ 22. Kd3 Be6 23. Be3 Bf5+ 24. Kc4 Bxe3 25. Rbd1 Be6+ 26. Kd3
Bd4 27. Rhe1 Rc8 28. f4 f6 29. fxe5 fxe5 30. Ke4 Bxb2 31. Rf1 Rc4+ 32. Kf3 Bg4+
33. Kg3 Bxd1 34. Rxd1 Rc3+ 35. Kg4 Bxa3 36. Kf5 Rc8 37. Rd3 Nd4+ 38. Kxe5 Nc6+
39. Ke6 Bb2 40. Rb3 Nd4+ 41. Kd7 Nxb3 42. Kxc8 a5 43. g4 a4 44. h4 a3 45. g5 a2
46. g6 a1=Q 47. h5 Qa8+ 48. Kd7 Nc5+ 49. Kd6 Qf8+ 50. Kd5 Qf5+ 51. Kd6 Ne4+ 52.
Kc7 Qe5+ 53. Kb6 Bd4+ 54. Kxb7 Qd5+ 55. Kc8 Qe6+ 56. Kc7 Qd6+ 57. Kb7 Nc5+ 58.
Ka7 Qc7+ 59. Ka8 Qb7# 0-1

[Event "CAN-ch U1600"]
[Site "Kingston CAN"]
[Date "2019.04.21"]
[Round "7.41"]
[White "Azroy, Arman"]
[Black "Wang, Derek"]
[Result "0-1"]
[WhiteElo "1560"]
[BlackElo "1459"]
[PlyCount "96"]
[EventDate "2019.04.18"]
[EventType "swiss"]
[EventRounds "9"]
[EventCountry "CAN"]

1. e4 c5 2. Nc3 d6 3. f4 Nc6 4. Nf3 Nf6 5. Bb5 Bd7 6. O-O a6 7. Bxc6 Bxc6 8. d3
e6 9. Qe1 g6 10. Ng5 Bg7 11. f5 h6 12. Nf3 O-O 13. Qh4 Nh5 14. Qg4 exf5 15.
exf5 Bd7 16. Nh4 Nf6 17. Qg3 Nh5 18. Qxd6 Qxh4 19. Qxd7 Bd4+ 20. Be3 Bxe3+ 21.
Rf2 Bxf2+ 22. Kf1 Bd4 23. Ne4 Qf4+ 24. Ke2 Qxf5 25. Qxb7 Qg4+ 26. Kf1 f5 27.
Qd5+ Kh8 28. Nd2 Nf4 29. Qf3 Qxf3+ 30. Nxf3 Bxb2 31. Rb1 Rab8 32. g3 Nd5 33.
Nd2 Nc3 34. Re1 Nxa2 35. Re6 Rf6 36. Re7 Bc3 37. Nb3 Bd4 38. Rd7 Nb4 39. Nxd4
cxd4 40. Rxd4 Nxc2 41. Rd7 Ra8 42. d4 a5 43. d5 a4 44. Rc7 a3 45. Rxc2 a2 46.
Rxa2 Rxa2 47. h4 Rb6 48. d6 Rb1# 0-1

[Event "CAN-ch U1600"]
[Site "Kingston CAN"]
[Date "2019.04.21"]
[Round "7.42"]
[White "Lee, Ji Won"]
[Black "Wang, Rachel"]
[Result "0-1"]
[WhiteElo "1365"]
[BlackElo "1528"]
[PlyCount "122"]
[EventDate "2019.04.18"]
[EventType "swiss"]
[EventRounds "9"]
[EventCountry "CAN"]

1. d4 d5 2. Bf4 Nf6 3. e3 c5 4. c3 Nc6 5. Nd2 Qb6 6. Qb3 c4 7. Qc2 e6 8. Ngf3
Be7 9. Be2 O-O 10. O-O Qd8 11. h3 b5 12. b3 a5 13. bxc4 bxc4 14. a4 Bd6 15. Ne5
Qc7 16. Ndf3 h6 17. Bh2 Nh7 18. Nxc6 Bxh2+ 19. Nxh2 Qxc6 20. f4 f5 21. Nf3 Rb8
22. Ne5 Qc7 23. Bh5 Nf6 24. Bg6 Bd7 25. g4 Ne4 26. h4 Rb3 27. g5 Rxc3 28. Qd1
Be8 29. gxh6 gxh6 30. Bxe8 Rxe8 31. Kh2 Kh7 32. Rg1 Rg8 33. Qh5 Rc2+ 34. Kh1
Ng3+ 35. Rxg3 Rxg3 36. Nf7 Rg6 37. Ng5+ Kg7 38. Nxe6+ Rxe6 39. Qxf5 Rg6 40.
Qxc2 Qe7 41. Qf2 Kh7 42. h5 Rg4 43. Rb1 Rh4+ 44. Kg2 Qg7+ 45. Kf1 Rh1+ 46. Ke2
Rxb1 47. Kf3 Rg1 48. Qh2 Qg4+ 49. Kf2 Qg3+ 50. Qxg3 Rxg3 51. Ke2 Rg2+ 52. Kd1
Kg7 53. Kc1 Kf6 54. e4 dxe4 55. d5 Ke7 56. f5 e3 57. d6+ Kxd6 58. f6 Ke6 59. f7
Kxf7 60. Kd1 Rd2+ 61. Ke1 c3 0-1

[Event "CAN-ch U1600"]
[Site "Kingston CAN"]
[Date "2019.04.21"]
[Round "7.43"]
[White "He, Jiaqi"]
[Black "Hay, Jonathan"]
[Result "1-0"]
[WhiteElo "1451"]
[BlackElo "1075"]
[PlyCount "55"]
[EventDate "2019.04.18"]
[EventType "swiss"]
[EventRounds "9"]
[EventCountry "CAN"]

1. e4 c5 2. Nf3 d6 3. d4 cxd4 4. Nxd4 Nf6 5. Nc3 a6 6. h3 e5 7. Nf3 Be7 8. Bd3
h6 9. Be3 Be6 10. O-O Qd7 11. b3 b5 12. Qe2 Nc6 13. a3 Rc8 14. Rfd1 g5 15. Nh2
Rg8 16. Qf3 g4 17. hxg4 Rxg4 18. Nd5 Qd8 19. Nxf6+ Bxf6 20. Nxg4 Bxg4 21. Qxg4
Bg5 22. Bxg5 hxg5 23. a4 Nd4 24. axb5 axb5 25. Ra7 Ne6 26. Bxb5+ Kf8 27. Bd7
Qf6 28. Bxc8 1-0

[Event "CAN-ch U1600"]
[Site "Kingston CAN"]
[Date "2019.04.21"]
[Round "7.44"]
[White "Li, Allen"]
[Black "He, Zekai"]
[Result "0-1"]
[WhiteElo "1262"]
[BlackElo "1293"]
[PlyCount "94"]
[EventDate "2019.04.18"]
[EventType "swiss"]
[EventRounds "9"]
[EventCountry "CAN"]

1. e4 c5 2. Nf3 e6 3. g3 Nc6 4. Bg2 Nf6 5. d3 Be7 6. O-O O-O 7. c3 d5 8. e5 Nd7
9. d4 Qc7 10. a3 a5 11. Be3 b6 12. Nbd2 Ba6 13. Re1 c4 14. Qc2 h6 15. h3 b5 16.
Nh2 b4 17. f4 Nb6 18. Rf1 Bc8 19. g4 b3 20. Qd1 Qd8 21. f5 f6 22. exf6 Bxf6 23.
fxe6 Bxe6 24. Nhf3 Qe7 25. Bf2 Qd8 26. Bg3 Nd7 27. Re1 Re8 28. Nf1 Bf7 29.
Rxe8+ Qxe8 30. Qe1 Rd8 31. Bc7 Rc8 32. Qxe8+ Rxe8 33. Kf2 Bd8 34. Bxd8 Nxd8 35.
Re1 Rxe1 36. Kxe1 Ne6 37. Ne3 Nf4 38. Bf1 Bg6 39. Kd2 Be4 40. Ng1 Nb6 41. Ne2
Na4 42. Nxf4 Nxb2 43. Kc1 Na4 44. Nd1 b2+ 45. Nxb2 Nxc3 46. Be2 Na2+ 47. Kd2
c3+ 0-1

[Event "CAN-ch U1600"]
[Site "Kingston CAN"]
[Date "2019.04.21"]
[Round "7.45"]
[White "Guillemette, Hugo"]
[Black "Douglas, Steven"]
[Result "1/2-1/2"]
[WhiteElo "1210"]
[BlackElo "1492"]
[PlyCount "60"]
[EventDate "2019.04.18"]
[EventType "swiss"]
[EventRounds "9"]
[EventCountry "CAN"]

1. e4 d6 2. d4 Nf6 3. Nc3 g6 4. Be3 Bg7 5. h3 O-O 6. Nge2 a6 7. g4 b5 8. a3
Nbd7 9. Bg2 Rb8 10. Ng3 e5 11. d5 Nb6 12. b3 Bd7 13. g5 Ne8 14. h4 Qe7 15. h5
Bc8 16. hxg6 fxg6 17. Qd2 Bd7 18. O-O-O Ra8 19. Rh2 b4 20. axb4 a5 21. bxa5
Rxa5 22. Rdh1 Qd8 23. Rxh7 Qa8 24. Nb1 Ra1 25. Qc3 Qa3+ 26. Qb2 Qa5 27. Bd2 Qa8
28. Be3 Qa5 29. Bd2 Qa8 30. Be3 Qa5 1/2-1/2

[Event "CAN-ch U1600"]
[Site "Kingston CAN"]
[Date "2019.04.21"]
[Round "7.46"]
[White "Bilodeau-Savaria, Carl-William"]
[Black "Bilodeau-Savaria, Sandy-Rose"]
[Result "1-0"]
[WhiteElo "1313"]
[BlackElo "1150"]
[PlyCount "79"]
[EventDate "2019.04.18"]
[EventType "swiss"]
[EventRounds "9"]
[EventCountry "CAN"]

1. e4 c5 2. Nf3 e6 3. d4 cxd4 4. Nxd4 Nc6 5. Nc3 Qc7 6. Bc4 a6 7. a3 Nf6 8. O-O
Be7 9. Be3 O-O 10. f4 d6 11. f5 exf5 12. Nxf5 Bxf5 13. exf5 Rfe8 14. Bd4 Ne5
15. Bb3 Bf8 16. Nd5 Nxd5 17. Bxd5 Rac8 18. Rc1 b5 19. b3 Be7 20. Qh5 Bf6 21.
Kh1 Qe7 22. c4 bxc4 23. Bxe5 dxe5 24. Rxc4 Rxc4 25. Bxc4 g6 26. fxg6 hxg6 27.
Qxg6+ Kf8 28. Qxf6 Qxf6 29. Rxf6 Re7 30. Rxa6 e4 31. Kg1 e3 32. Kf1 Rc7 33. Ke2
Re7 34. a4 Ke8 35. Ra8+ Kd7 36. Ra7+ Kd8 37. Rxe7 Kxe7 38. a5 Kd7 39. a6 Kc7
40. a7 1-0

[Event "CAN-ch U1600"]
[Site "Kingston CAN"]
[Date "2019.04.21"]
[Round "7.47"]
[White "Mai, Deren"]
[Black "Chau, Matthew"]
[Result "1-0"]
[WhiteElo "1242"]
[BlackElo "875"]
[PlyCount "93"]
[EventDate "2019.04.18"]
[EventType "swiss"]
[EventRounds "9"]
[EventCountry "CAN"]

1. e4 e5 2. Nf3 Nc6 3. Bc4 Nf6 4. d3 Bb4+ 5. c3 Ba5 6. b4 Bb6 7. b5 Ne7 8. Nxe5
O-O 9. O-O d5 10. exd5 Nexd5 11. Qf3 Nxc3 12. Nxc3 Bd4 13. Nxf7 Rxf7 14. Bxf7+
Kxf7 15. Bb2 c6 16. bxc6 bxc6 17. Qxc6 Bd7 18. Qd6 Bf5 19. Qxd8 Rxd8 20. Rfd1
Rb8 21. Rd2 Kg6 22. Na4 Rb4 23. Bxd4 Rxd4 24. Nb2 Nd5 25. Kf1 Nc3 26. a3 Kg5
27. Rc1 Ne4 28. dxe4 Rxd2 29. Nc4 Ra2 30. exf5 Kxf5 31. g3 Kg4 32. Kg2 g5 33.
h3+ Kf5 34. Kf3 h5 35. g4+ Kg6 36. Ke3 hxg4 37. hxg4 Kf6 38. Rc3 Ra1 39. Nd2
Rg1 40. Kf3 Re1 41. Ne4+ Kg6 42. Rc6+ Kg7 43. Rc7+ Kg6 44. Rxa7 Kh6 45. a4 Ra1
46. Ra6+ Kg7 47. Nxg5 1-0

[Event "CAN-ch U1600"]
[Site "Kingston CAN"]
[Date "2019.04.21"]
[Round "7.48"]
[White "Sztuka, Jeremy"]
[Black "De Leon, Raf Adrik"]
[Result "1-0"]
[WhiteElo "1454"]
[BlackElo "1247"]
[PlyCount "75"]
[EventDate "2019.04.18"]
[EventType "swiss"]
[EventRounds "9"]
[EventCountry "CAN"]

1. f4 Nc6 2. Nf3 Nf6 3. Nc3 g6 4. e3 Bg7 5. Be2 d6 6. O-O O-O 7. Qe1 Bf5 8. d3
e5 9. e4 Bd7 10. Qh4 Nh5 11. fxe5 dxe5 12. Nd5 Be6 13. Qxd8 Rfxd8 14. Nxc7 Rac8
15. Nxe6 fxe6 16. Ng5 Nf6 17. Nxe6 Rd6 18. Nxg7 Kxg7 19. Bg5 Nd4 20. Bxf6+ Rxf6
21. Bd1 Rxf1+ 22. Kxf1 Nxc2 23. Rb1 Ne3+ 24. Ke2 Nxg2 25. Bb3 Nf4+ 26. Ke3 Rd8
27. Rd1 g5 28. Bc4 Rd4 29. Kf3 h5 30. Rd2 Kf6 31. Ke3 g4 32. Rf2 Rd7 33. d4 Kg5
34. dxe5 Nh3 35. Rf5+ Kg6 36. e6 Rd8 37. e7 Re8 38. Bf7+ 1-0

[Event "CAN-ch U1600"]
[Site "Kingston CAN"]
[Date "2019.04.21"]
[Round "7.49"]
[White "Chocina, Adam"]
[Black "Paulsen, Lorenz"]
[Result "1-0"]
[WhiteElo "1179"]
[BlackElo "1434"]
[PlyCount "57"]
[EventDate "2019.04.18"]
[EventType "swiss"]
[EventRounds "9"]
[EventCountry "CAN"]

1. d4 d5 2. c4 c6 3. Nf3 Nf6 4. Nc3 Nbd7 5. e3 e6 6. a3 Be7 7. Bd3 dxc4 8. Bxc4
b5 9. Bd3 O-O 10. O-O Qc7 11. b4 e5 12. dxe5 Nxe5 13. Bc2 Rd8 14. Qe2 Be6 15.
Nxe5 Qxe5 16. Bb2 Bc4 17. Qf3 Bxf1 18. Rxf1 Bd6 19. g3 Rac8 20. Rb1 Qe7 21. Ne2
Be5 22. Nd4 Qc7 23. Bf5 Nd7 24. Rc1 Bxd4 25. Bxd4 g6 26. Bxd7 Qxd7 27. Qf6 Kf8
28. Qg7+ Ke8 29. Bc5 1-0

[Event "CAN-ch U1600"]
[Site "Kingston CAN"]
[Date "2019.04.21"]
[Round "7.50"]
[White "De Leon, Rut Jurry"]
[Black "Liao, Austin"]
[Result "1-0"]
[WhiteElo "1063"]
[BlackElo "902"]
[PlyCount "51"]
[EventDate "2019.04.18"]
[EventType "swiss"]
[EventRounds "9"]
[EventCountry "CAN"]

1. g3 e5 2. Bg2 Nc6 3. d3 Bc5 4. Nd2 Nf6 5. e4 d6 6. Ngf3 h6 7. O-O g5 8. Nc4
g4 9. Nfd2 h5 10. Nb3 Bd4 11. Nxd4 Nxd4 12. Bg5 Rg8 13. Bh4 Rg6 14. c3 Ne6 15.
d4 exd4 16. cxd4 Qd7 17. e5 Nh7 18. Re1 Kf8 19. Be4 Rg7 20. d5 Nc5 21. Qe2 dxe5
22. Nxe5 Qe8 23. Bxh7 Bd7 24. Nxd7+ Nxd7 25. Be7+ Qxe7 26. Qxe7# 1-0